000 00624nam a22002297a 4500
003 FEu
005 20140310183635.0
008 130219t xxu||||| |||| 00| 0 eng d
050 _aHF 5635
_b.Ab141 2009
100 _aAbelede, Nelson S.
245 _aSimplified accounting for Partnership and Corporation /
_cAbeleda, Nelson S.
260 _aParanaque City :
_bNelson Publications ,
_c2009.
300 _a338 p. :
_c23 cm.
_bill. ;
521 _aBSA
650 _aAccounting
650 _aPartnership
650 _aCorporation
942 _2lcc
_cBK
_kLOC
999 _c25691
_d25691